000
00309 a2200145 4500
001
61441
020
_a
040
_c
Anchieta - Pituba
240
1
0
_a
A biosfera
_l
por
245
1
0
_a
A biosfera
300
_a
155
362
0
_a
1974
650
4
_a
BIOLOGIA, CIÊNICAS DA VIDA (CIÊNCIAS NATURAIS)
942
_c
BK
999
_c
61441
_d
61441